Concelhos da Guarda - Statistics

Estatísticas Gerais
  • Esse quiz foi jogado 544 vezes
  • A pontuação média é 10 de 14
Respostas no mapa
Respostas codificadas por cores de uma escala verde-vermelha no mapa do quiz de acordo com a % correta abaixo.
 
Estatísticas das Respostas
Concelho % Correto
Guarda
97%
Manteigas
81%
Seia
78%
Almeida
73%
Gouveia
69%
Sabugal
69%
Vila Nova de Foz Côa
68%
Figueira de Castelo Rodrigo
67%
Celorico da Beira
63%
Mêda
63%
Trancoso
63%
Pinhel
60%
Aguiar da Beira
59%
Fornos de Algodres
56%
Nenhum quiz correspondente encontrado
Distribuição das Pontuações
Porcentagem de Pessoas com Cada Pontuação
Percentil de Números Respondidos
Sua Pontuação Histórica
Você não jogou esse quiz